书目信息 |
| 题名: |
美国弹道导弹防御计划透视
|
|
| 作者: | 侯小河 主编 | |
| 分册: | ||
| 出版信息: | 北京 中国民航出版社 2001 |
|
| 页数: | 306页 | |
| 开本: | 20cm | |
| 丛书名: | ||
| 单 册: | ||
| 中图分类: | D815.5 | |
| 科图分类: | ||
| 主题词: | 国际问题--安全--研究 | |
| 电子资源: | ||
| ISBN: | 7-80110-418-8 | |
| 000 | 00585nam0 2200193 450 | |
| 001 | 0730891859 | |
| 005 | 20070721090623.15 | |
| 010 | @a7-80110-418-8@dCNY18.00 | |
| 100 | @a20070711d2001 km y0chiy0120 ea | |
| 101 | 0 | @achi |
| 102 | @aCN | |
| 200 | 1 | @a美国弹道导弹防御计划透视@Amei guo dan dao dao dan fang yu ji hua tou shi@f侯小河等主编@Fhou xiao he deng zhu bian |
| 210 | @a北京@c中国民航出版社@d2001 | |
| 215 | @a306页@d20cm | |
| 606 | 0 | @a国际问题@x安全@x研究 |
| 690 | @aD815.5@v3 | |
| 701 | 0 | @a侯小河@Ahou xiao he@4主编 |
| 801 | 0 | @aCN@bPFT@c20070721 |
| 905 | @a10447@dD815.5@e97 | |
| 美国弹道导弹防御计划透视/侯小河等主编.-北京:中国民航出版社,2001 |
| 306页;20cm |
| ISBN 7-80110-418-8:CNY18.00 |
| ● |
| 相关链接 |
|
|
|
|
正题名:美国弹道导弹防御计划透视
索取号:D815.5/97
 
预约/预借
| 序号 | 登录号 | 条形码 | 馆藏地/架位号 | 状态 | 备注 |
| 1 | 0768252 | 207682523 | 第一样本阅览室/ [索取号:D815.5/97] | 在馆 |